[Event "Amsterdam"]
[Site "?"]
[Date "1986.??.??"]
[Round "?"]
[White "Timman, J."]
[Black "Vaganian, R."]
[Result "1-0"]
[WhiteElo "2620"]
[BlackElo "2600"]
[PlyCount "57"]
[EventDate "1986.??.??"]
[Source "ChessBase"]
[SourceDate "1986.07.01"]

1. e4 e6 2. d4 d5 3. Nc3 Bb4 4. Bd2 Ne7 5. Bd3 dxe4 6. Nxe4 Qxd4 7. Nf3 Bxd2+ 8. Qxd2 Qd5 9. O-O-O Nbc6 10. Qc3 f6 11. a3 e5 12. Nc5 Qf7 13. Bc4 Qg6 14. Rd2 Qxg2 15. Rg1 Qh3 16. Rxg7 Qh6 17. Rg1 b6 18. Ne4 Bd7 19. Qe3 Qf8 20. Rgd1 Nf5 21. Qe2 Ncd4 22. Nxd4 Nxd4 23. Rxd4 exd4 24. Nd6+ Kd8 25. Nf7+ Kc8 26. Qf3 Kb8 27. Rxd4 Qc5 28. Rxd7 Rg8 29. Ba6 1-0

[Event "56th ch-RUS"]
[Site "Krasnoyarsk"]
[Date "2003.09.09"]
[Round "6"]
[White "Bezgodov, Alexei"]
[Black "Kornev, Alexei"]
[Result "0-1"]
[WhiteElo "2542"]
[BlackElo "2566"]
[PlyCount "110"]
[EventDate "2003.09.03"]
[Source "Roberto Alvarez"]
[SourceDate "2003.09.15"]

1. e4 e6 2. d4 d5 3. Nc3 Bb4 4. Bd2 dxe4 5. Qg4 Nf6 6. Qxg7 Rg8 7. Qh6 Qxd4 8. O-O-O Bf8 9. Qh3 Qxf2 10. Nge2 Bd7 11. g4 Rxg4 12. Ng3 e3 13. Be1 Qf4 14. Bg2 Qh6 15. Qxh6 Bxh6 16. Bxb7 Bc6 17. Bxa8 Bxa8 18. Rg1 e2+ 19. Rd2 Be3 20. Ncxe2 Nbd7 21. Rf1 Bg2 22. Rf2 Bd5 23. Nc3 c6 24. Rfe2 Bxd2+ 25. Kxd2 h5 26. b3 Kf8 27. Nf1 Rg1 28. Ne3 Bf3 29. Rf2 Ne5 30. Rf1 Rxf1 31. Nxf1 Bg2 32. Ne3 Ne4+ 33. Nxe4 Bxe4 34. Bg3 Nf3+ 35. Ke2 e5 36. Nc4 f6 37. Ke3 Bd5 38. Nd6 Nd4 39. c4 Be6 40. Bf2 Nf5+ 41. Nxf5 Bxf5 42. b4 a6 43. a4 Bd7 44. Ke4 Kf7 45. b5 cxb5 46. cxb5 axb5 47. axb5 Ke6 48. b6 Bc6+ 49. Ke3 f5 50. Kd3 Kd5 51. Bh4 f4 52. Bd8 e4+ 53. Kc3 e3 54. Kd3 Bb5+ 55. Kc3 Ba6 0-1

[Event "HUN-ch"]
[Site "HUN"]
[Date "1984.??.??"]
[Round "2"]
[White "Sax, Gyula"]
[Black "Farago, Ivan"]
[Result "1/2-1/2"]
[WhiteElo "2575"]
[BlackElo "2525"]
[PlyCount "33"]
[EventDate "1984.03.??"]
[Source "ChessBase"]

1. e4 e6 2. d4 d5 3. Nc3 Bb4 4. Bd2 dxe4 5. Qg4 Qxd4 6. Nf3 Nh6 7. Qxe6+ Bxe6 8. Nxd4 Bd7 9. Nxe4 Bxd2+ 10. Nxd2 Nc6 11. Nxc6 Bxc6 12. Bd3 O-O-O 13. O-O Ng4 14. Rfe1 Nf6 15. Nc4 Bd5 16. Ne3 Be6 17. a3 1/2-1/2

[Event "Berlin GER"]
[Site "Berlin GER"]
[Date "1974.??.??"]
[Round "?"]
[White "Gulko, Boris F"]
[Black "Portisch, Lajos"]
[Result "1-0"]
[WhiteElo "2435"]
[BlackElo "2645"]
[PlyCount "143"]
[EventDate "1974.??.??"]
[Source "www.chesslib.no"]
[SourceDate "2004.05.04"]

1. e4 e6 2. d4 d5 3. Nc3 Bb4 4. Bd2 dxe4 5. Qg4 Qxd4 6. O-O-O h5 7. Qh4 Ne7 8. Be3 Qf6 9. Bg5 Qf5 10. Nxe4 Nbc6 11. f3 f6 12. Be3 Nd5 13. Qf2 Nxe3 14. Qxe3 Bd7 15. Bc4 O-O-O 16. Ne2 Qa5 17. a3 Ne5 18. Bb3 Be7 19. Nf4 Qa6 20. Rxd7 Nxd7 21. Nxe6 Rde8 22. Nxg7 Rd8 23. Ne6 Rde8 24. Rd1 Ne5 25. f4 Nc4 26. Bxc4 Qxc4 27. Qxa7 Qa6 28. Qxa6 bxa6 29. f5 Reg8 30. Nf4 Rg4 31. g3 h4 32. Ng6 Re8 33. Nf2 Rg5 34. Nxh4 Bd6 35. Kd2 Rxg3 36. hxg3 Bxg3 37. Re1 Rd8+ 38. Nd3 Bxh4 39. Re6 Rd5 40. Rxa6 Rxf5 41. b4 Bf2 42. Nxf2 Rxf2+ 43. Kd3 Kb7 44. b5 f5 45. a4 Rf1 46. Kc3 f4 47. Rf6 f3 48. Kb2 Ka7 49. a5 Kb7 50. Rf7 f2 51. c4 Kb8 52. c5 Rh1 53. Rxf2 Rh5 54. Rf8+ Ka7 55. b6+ cxb6 56. axb6+ Kb7 57. Rf7+ Kb8 58. Rc7 Rh3 59. c6 Rh5 60. Rb7+ Kc8 61. Kb3 Rc5 62. Rc7+ Kb8 63. Kb4 Rc1 64. Kb5 Rb1+ 65. Kc5 Rc1+ 66. Kd6 Rd1+ 67. Ke7 Rb1 68. Kd8 Rxb6 69. Rc8+ Ka7 70. Kd7 Rb1 71. Rd8 Rd1+ 72. Kc8 1-0

[Event "Budapest HUN"]
[Site "?"]
[Date "2006.04.11"]
[Round "11"]
[White "Ilincic Zlatko"]
[Black "Farago Ivan"]
[Result "1/2-1/2"]
[WhiteElo "2536"]
[BlackElo "2534"]
[PlyCount "34"]
[EventDate "2006.??.??"]
[Source "www.chesslib.no"]
[SourceDate "2004.05.04"]

1. e4 e6 2. d4 d5 3. Nc3 Bb4 4. Bd2 dxe4 5. Qg4 Qxd4 6. Nf3 h5 7. Qxe6+ Bxe6 8. Nxd4 Bd7 9. Nxe4 Bxd2+ 10. Nxd2 Nc6 11. Nxc6 Bxc6 12. f3 O-O-O 13. O-O-O Nf6 14. Bd3 Rhe8 15. Rhe1 Rxe1 16. Rxe1 Re8 17. Rxe8+ Nxe8 1/2-1/2

[Event "Nagykanizsa 1st"]
[Site "Nagykanizsa"]
[Date "2003.11.06"]
[Round "2"]
[White "Farago, Ivan"]
[Black "Gyimesi, Zoltan"]
[Result "1/2-1/2"]
[WhiteElo "2485"]
[BlackElo "2537"]
[PlyCount "48"]
[EventDate "2003.11.05"]
[Source "ChessBase"]
[SourceDate "2004.03.30"]

1. e4 e6 2. d4 d5 3. Nc3 Bb4 4. Bd2 dxe4 5. Qg4 Qxd4 6. Nf3 Nh6 7. Qxe6+ Bxe6 8. Nxd4 Bd7 9. Nxe4 Bxd2+ 10. Nxd2 Nc6 11. Nxc6 Bxc6 12. f3 Nf5 13. Bd3 Nd6 14. Kf2 O-O-O 15. Rhe1 Rhe8 16. Rxe8 Rxe8 17. Re1 Rxe1 18. Kxe1 h6 19. Nc4 Nxc4 20. Bxc4 f6 21. Kd2 Kd7 22. Ke3 g5 23. g3 Kd6 24. f4 Bh1 1/2-1/2

[Event "I Torneig Int. Ciutat d'Alcúdia"]
[Site "Alcúdia"]
[Date "2003.11.15"]
[Round "1.4"]
[White "Gamundi Salamanca, Antonio"]
[Black "Moskalenko, Viktor"]
[Result "1-0"]
[WhiteElo "2453"]
[BlackElo "2529"]
[PlyCount "139"]
[EventDate "2003.11.15"]
[Source "Roberto Alvarez"]
[SourceDate "2003.12.01"]

1. e4 e6 2. d4 d5 3. Nc3 Bb4 4. Bd2 Ne7 5. Qg4 O-O 6. e5 f5 7. Qg3 c5 8. O-O-O cxd4 9. Nb5 Bc5 10. Nf3 Nbc6 11. Bg5 Qb6 12. Bxe7 Bxe7 13. Nbxd4 Bd7 14. Kb1 a5 15. c4 Bc5 16. Qf4 Nxd4 17. Nxd4 Ba4 18. b3 Rfd8 19. Nc2 Bxb3 20. axb3 Qxb3+ 21. Kc1 Qc3 22. Rd2 dxc4 23. Bxc4 Ba3+ 24. Kd1 Rxd2+ 25. Qxd2 Qxc4 26. Nxa3 Qb3+ 27. Nc2 Rc8 28. Re1 a4 29. Re2 a3 30. Qb4 Qb2 31. Qxa3 Qb1+ 32. Qc1 Qb5 33. Ke1 h6 34. f3 Rc5 35. Qa1 Rd5 36. Qc3 Kh7 37. Kf2 Qb6+ 38. Qe3 Qd8 39. g4 fxg4 40. Qe4+ Kh8 41. Qxg4 Qb6+ 42. Kg2 Qb5 43. f4 Rd1 44. Rf2 Qd7 45. f5 Qd5+ 46. Qf3 exf5 47. Qxd5 Rxd5 48. Rxf5 g6 49. Ne3 Rc5 50. Rf7 Rxe5 51. Ng4 Rg5 52. Kf3 Kg8 53. Nxh6+ Kh8 54. Rxb7 Ra5 55. Ng4 Kg8 56. Kf4 Rf5+ 57. Ke4 Rf1 58. Ke5 Kf8 59. Ke6 Rf3 60. Ne5 Rh3 61. Nxg6+ Kg8 62. Ne7+ Kf8 63. Nf5 Kg8 64. Rg7+ Kh8 65. Rg2 Ra3 66. Rg3 Ra2 67. h4 Ra6+ 68. Kf7 Ra1 69. Rg5 Ra7+ 70. Ne7 1-0

[Event "Zagreb Interzonal"]
[Site "Zagreb"]
[Date "1987.??.??"]
[Round "8"]
[White "Hickl, Joerg"]
[Black "Granda Zuniga, Julio E"]
[Result "0-1"]
[WhiteElo "2455"]
[BlackElo "2525"]
[PlyCount "74"]
[EventDate "1987.08.??"]
[Source "ChessBase"]

1. e4 e6 2. d4 d5 3. Nc3 Bb4 4. Bd2 Nc6 5. Bb5 Nge7 6. e5 Bd7 7. Bxc6 Bxc6 8. a3 Ba5 9. Nge2 Bb6 10. Bg5 h6 11. Bf4 O-O 12. Qd3 Be8 13. b4 c6 14. O-O Bc7 15. Rfe1 b6 16. Nd1 Ng6 17. Bg3 c5 18. c3 a5 19. bxc5 bxc5 20. Ne3 c4 21. Qc2 Bc6 22. f4 Qd7 23. a4 Rab8 24. Rf1 Rb3 25. f5 exf5 26. Rxf5 Bd8 27. Raf1 Rb6 28. Qd2 Bxa4 29. Qe1 Bg5 30. Bf4 Bc2 31. Bxg5 Bxf5 32. Rxf5 hxg5 33. Rxg5 a4 34. Nc2 Rb2 35. Qc1 Rfb8 36. Kf2 Qe7 37. e6 Qf6+ 0-1

[Event "8th Open"]
[Site "Voronezh"]
[Date "2004.06.17"]
[Round "6"]
[White "Kurnosov, Igor"]
[Black "Arakelov, Ilya"]
[Result "1/2-1/2"]
[WhiteElo "2543"]
[BlackElo "2401"]
[PlyCount "54"]
[EventDate "2004.06.12"]
[Source "Roberto Alvarez"]
[SourceDate "2004.07.05"]

1. e4 e6 2. d4 d5 3. Nc3 Bb4 4. Bd2 dxe4 5. Qg4 Nf6 6. Qxg7 Rg8 7. Qh6 Nc6 8. O-O-O Rg6 9. Qh4 Rg4 10. Qh3 Rg6 11. f3 e5 12. Qh4 exd4 13. Nxe4 Nxe4 14. Qxe4+ Re6 15. Qd3 Bxd2+ 16. Qxd2 Qd5 17. b3 Qc5 18. Bc4 Re7 19. Kb2 Be6 20. Bxe6 Rxe6 21. Nh3 O-O-O 22. Ng5 Re3 23. Ne4 Qe5 24. Kb1 f5 25. Ng3 Ne7 26. c4 d3 27. Rhe1 f4 1/2-1/2

[Event "BL2-Ost 0001"]
[Site "Germany"]
[Date "2000.12.10"]
[Round "3.2"]
[White "Grabarczyk, Bogdan"]
[Black "Haba, Petr"]
[Result "0-1"]
[WhiteElo "2439"]
[BlackElo "2497"]
[PlyCount "46"]
[EventDate "2000.10.15"]
[Source "ChessBase"]
[SourceDate "2001.07.03"]

1. e4 e6 2. d4 d5 3. Nc3 Bb4 4. Bd2 dxe4 5. Qg4 Qxd4 6. Nge2 Qf6 7. O-O-O Qg6 8. Qh3 Nf6 9. Nf4 Qg4 10. Qe3 O-O 11. Be2 Qg5 12. a3 Bc5 13. h4 Qe5 14. Qg3 Nc6 15. Rhe1 Qf5 16. Qh3 Nd4 17. g4 Nxe2+ 18. Rxe2 Nxg4 19. Qg2 e5 20. Nfd5 Qf3 21. Qf1 Be6 22. Bg5 Bxd5 23. Nxd5 Nxf2 0-1

[Event "DSV-Turnier"]
[Site "Leipzig"]
[Date "1975.??.??"]
[Round "5"]
[White "Mueller, Klaus Uwe"]
[Black "Farago, Ivan"]
[Result "0-1"]
[WhiteElo "2470"]
[BlackElo "2460"]
[PlyCount "82"]
[EventDate "1975.11.22"]
[Source "ChessBase"]

1. e4 e6 2. d4 d5 3. Nc3 Bb4 4. Bd2 dxe4 5. Qg4 Qxd4 6. Nge2 Qf6 7. Qxe4 Nc6 8. O-O-O Qe7 9. Qg4 Nf6 10. Qxg7 Rg8 11. Qh6 Bd7 12. Bg5 Rg6 13. Qh4 h6 14. Bxh6 Rg4 15. Qh3 O-O-O 16. f3 Rg6 17. Bd2 e5 18. Qh4 Be6 19. Qe1 Qc5 20. h4 Qa5 21. h5 Rgg8 22. Qh4 Nd5 23. g3 Nxc3 24. Nxc3 Rd4 25. Qf6 Rgd8 26. Bd3 Be7 27. Qg7 Ba3 28. Be1 Nb4 29. bxa3 Qxa3+ 30. Kd2 Nxd3 31. cxd3 Rxd3+ 32. Ke2 Qb2+ 33. Kf1 Rxd1 34. Nxd1 Rxd1 35. Qf8+ Kd7 36. Rh4 Qd2 37. Re4 Bc4+ 38. Kg1 Rxe1+ 39. Rxe1 Qxe1+ 40. Kh2 Qf2+ 41. Kh3 Qxf3 0-1

[Event "Peer Gynt"]
[Site "Gausdal NOR"]
[Date "1991.??.??"]
[Round "4"]
[White "Thorhallsson, Throstur"]
[Black "Arkhipov, Sergey"]
[Result "1-0"]
[WhiteElo "2425"]
[BlackElo "2500"]
[PlyCount "85"]
[EventDate "1991.07.??"]
[Source "www.chesslib.no"]
[SourceDate "2004.05.04"]

1. e4 e6 2. d4 d5 3. Nc3 Bb4 4. Bd2 dxe4 5. Qg4 Qxd4 6. Nf3 f5 7. Qh5+ g6 8. Nxd4 gxh5 9. Nxe4 Bxd2+ 10. Nxd2 Ne7 11. O-O-O Nec6 12. Nb5 Na6 13. Be2 h4 14. Nf3 Bd7 15. Nxh4 O-O-O 16. Rhe1 Nc5 17. f4 Nb4 18. Nc3 c6 19. Bf3 Nd5 20. Ne2 Be8 21. g3 Bf7 22. Nd4 Nb4 23. Kb1 Ncd3 24. Nxc6 Nxe1 25. Nxd8 Rxd8 26. Rxe1 Rd2 27. a3 Nc6 28. Bxc6 bxc6 29. Nf3 Rg2 30. Rg1 Rf2 31. Ng5 Bg6 32. Nxe6 Rxh2 33. Rd1 Rg2 34. Rd8+ Kb7 35. Rd3 a5 36. b3 Kb6 37. Kb2 Re2 38. Nd4 Rg2 39. Rc3 c5 40. Ne6 Bf7 41. Nxc5 Bd5 42. Nd7+ Ka6 43. Nf6 1-0

[Event "Ch Montenegro"]
[Site "Cetinje (Montenegro)"]
[Date "2007.07.15"]
[Round "5"]
[White "Nikac Predrag (SCG)"]
[Black "Drasko Milan (SCG)"]
[Result "0-1"]
[WhiteElo "2358"]
[BlackElo "2552"]
[PlyCount "60"]
[EventDate "2007.??.??"]
[Source "www.chesslib.no"]
[SourceDate "2004.05.04"]

1. e4 e6 2. d4 d5 3. Nc3 Bb4 4. Bd2 Ne7 5. Qg4 O-O 6. e5 c5 7. a3 Bxc3 8. bxc3 Nbc6 9. Nf3 f5 10. Qh4 Bd7 11. Rb1 b6 12. Bb5 Rc8 13. O-O Na5 14. dxc5 bxc5 15. Bg5 Rf7 16. Qa4 Bc6 17. c4 Bxb5 18. Rxb5 Nxc4 19. Qa6 Qe8 20. Bxe7 Rxe7 21. Rfb1 Rc6 22. Qa4 Rb6 23. Qb3 Rxb5 24. Qxb5 Nxa3 25. Qxe8+ Rxe8 26. Rb2 h6 27. Ra2 Nb5 28. Ra5 Rb8 29. Nd2 c4 30. Kf1 Nd4 0-1

[Event "Hafnarfirdi"]
[Site "Hafnarfirdi"]
[Date "1992.??.??"]
[Round "4"]
[White "Thorhallsson, Throstur"]
[Black "Levitt, Jonathan"]
[Result "1/2-1/2"]
[WhiteElo "2425"]
[BlackElo "2465"]
[PlyCount "56"]
[EventDate "1992.03.??"]
[Source "ChessBase"]

1. e4 e6 2. d4 d5 3. Nc3 Bb4 4. Bd2 dxe4 5. Qg4 Nf6 6. Qxg7 Rg8 7. Qh6 Nc6 8. O-O-O Nxd4 9. Bg5 Rg6 10. Qh4 Be7 11. Nxe4 e5 12. Nf3 Nxe4 13. Bxe7 Qxe7 14. Qxe4 Nxf3 15. Qxf3 c6 16. Bd3 Qg5+ 17. Rd2 Qxg2 18. Qd1 Bg4 19. Qe1 Bf3 20. Rf1 e4 21. Bxe4 Re6 22. Bxf3 Qxf3 23. Qd1 Qxd1+ 24. Rfxd1 Kf8 25. Rd7 Re7 26. Rxe7 Kxe7 27. Rd3 Rg8 28. Rf3 Rg5 1/2-1/2

[Event "Chigorin mem-A 10th"]
[Site "?"]
[Date "2002.10.27"]
[Round "3"]
[White "Polivanov Anatoliy"]
[Black "Potkin Vladimir"]
[Result "1/2-1/2"]
[WhiteElo "2395"]
[BlackElo "2495"]
[PlyCount "46"]
[EventDate "2002.??.??"]
[Source "www.chesslib.no"]
[SourceDate "2004.05.04"]

1. e4 e6 2. d4 d5 3. Nc3 Bb4 4. Bd2 Ne7 5. Bd3 b6 6. Qe2 c5 7. Bb5+ Bd7 8. exd5 exd5 9. Nxd5 Bxd2+ 10. Kxd2 Bxb5 11. Qxb5+ Nec6 12. Re1+ Kf8 13. Qe2 Nxd4 14. Qe7+ Qxe7 15. Nxe7 g6 16. c3 Ne6 17. Nd5 Nc6 18. Kc2 Rd8 19. Ne3 Ne5 20. Nh3 Kg7 21. Rd1 h5 22. f3 Rhe8 23. Rhe1 Nc6 1/2-1/2

[Event "Lilie Open"]
[Site "?"]
[Date "1997.12.29"]
[Round "6"]
[White "Stocek Jiri"]
[Black "Tibensky Robert"]
[Result "1/2-1/2"]
[WhiteElo "2470"]
[BlackElo "2420"]
[PlyCount "130"]
[EventDate "1997.??.??"]
[Source "www.chesslib.no"]
[SourceDate "2004.05.04"]

1. e4 e6 2. d4 d5 3. Nc3 Bb4 4. Bd2 dxe4 5. Nxe4 Qxd4 6. Bd3 Bxd2+ 7. Qxd2 Qxb2 8. Rd1 Nf6 9. Bb5+ Nfd7 10. Nc3 a6 11. Bd3 O-O 12. Nf3 Nc6 13. O-O Qb4 14. Rfe1 Nf6 15. Ng5 h6 16. Nge4 Qe7 17. Qe3 Ng4 18. Qg3 Nge5 19. Bf1 f5 20. f4 Ng4 21. h3 Nf6 22. Nf2 b5 23. Nd3 Bb7 24. Qe3 Rae8 25. Nc5 Bc8 26. Qf2 Rd8 27. a4 b4 28. Na2 a5 29. Nc1 Rxd1 30. Rxd1 Rd8 31. Rxd8+ Qxd8 32. N1b3 Qd6 33. Bb5 Ne4 34. Nxe4 fxe4 35. h4 Qd5 36. Kh2 Ne7 37. Nxa5 c6 38. Qa7 cxb5 39. Qxe7 Bd7 40. axb5 Qxb5 41. Nb3 Qc6 42. Nc5 Bc8 43. Qd8+ Kf7 44. Qa5 Qd6 45. Qxb4 Qxf4+ 46. Kg1 Qc1+ 47. Kh2 Qxc2 48. Nxe4 Qc7+ 49. Qd6 Qd7 50. Qb8 Kg6 51. Nd6 Ba6 52. Qb1+ Kf6 53. Qa1+ Ke7 54. Ne4 Qc7+ 55. Kh3 Qf4 56. Qxg7+ Qf7 57. Qd4 Qf5+ 58. Kg3 Qd5 59. Qf6+ Ke8 60. Qf4 Ke7 61. Nf6 Qd3+ 62. Kh2 Qf5 63. Ng8+ Kf8 64. Qb8+ Kg7 65. Ne7 Qe4 1/2-1/2

[Event "ISR-chT"]
[Site "?"]
[Date "2002.03.02"]
[Round "5"]
[White "Pasman Michael"]
[Black "Psakhis Lev"]
[Result "0-1"]
[WhiteElo "2310"]
[BlackElo "2572"]
[PlyCount "98"]
[EventDate "2002.??.??"]
[Source "www.chesslib.no"]
[SourceDate "2004.05.04"]

1. e4 e6 2. d4 d5 3. Nc3 Bb4 4. Bd2 Ne7 5. Bd3 Nd7 6. Nf3 c5 7. exd5 exd5 8. a3 Bxc3 9. Bxc3 c4 10. Be2 O-O 11. O-O Ng6 12. Ne5 Nf6 13. b3 cxb3 14. cxb3 Nf4 15. Bb4 Nxe2+ 16. Qxe2 Re8 17. Qf3 Be6 18. a4 Ne4 19. a5 f6 20. Nd3 Qd7 21. Rfc1 Qb5 22. Qd1 Rac8 23. Be1 b6 24. axb6 axb6 25. Rxc8 Rxc8 26. Rc1 Ra8 27. Nf4 Bf7 28. Qg4 Re8 29. Rc8 g5 30. Rxe8+ Qxe8 31. Nd3 Kg7 32. Qe2 Qb5 33. Nc1 Qc6 34. Qd1 Nd6 35. Ne2 Nb5 36. Bb4 Bg6 37. Qe1 Qe6 38. Qd2 Qe4 39. Qe3 Qb1+ 40. Nc1 Nxd4 41. Bd2 Qc2 42. h3 Nf5 43. Qc3 Qd1+ 44. Kh2 d4 45. Qb4 Qf1 46. Be1 Nh4 47. Qe7+ Bf7 48. Qe4 Nxg2 49. Bd2 Nh4 0-1

[Event "Tarrassa"]
[Site "Tarrassa"]
[Date "1990.??.??"]
[Round "4"]
[White "Romero Holmes, Alfonso"]
[Black "Pomes Marcet, Juan"]
[Result "0-1"]
[WhiteElo "2460"]
[BlackElo "2420"]
[PlyCount "48"]
[EventDate "1990.04.??"]
[Source "ChessBase"]

1. e4 e6 2. d4 d5 3. Nc3 Bb4 4. Bd2 Nf6 5. e5 Bxc3 6. bxc3 Ne4 7. Qg4 Kf8 8. Bd3 Nxd2 9. Kxd2 c5 10. h4 c4 11. Be2 Nc6 12. Nh3 f5 13. Qf3 Qa5 14. Qe3 b5 15. a3 Ke8 16. Nf4 Rb8 17. Nh5 Rb7 18. g4 fxg4 19. Rhg1 Rf8 20. Rxg4 Rff7 21. Qg3 Kd8 22. Rxg7 Rxg7 23. Nxg7 Nxd4 24. Qf4 Qxc3+ 0-1

[Event "ECC"]
[Site "Rethymnon"]
[Date "2003.10.04"]
[Round "7"]
[White "Ribshtein, Nati"]
[Black "Ivanov, Sergey"]
[Result "1/2-1/2"]
[WhiteElo "2324"]
[BlackElo "2556"]
[PlyCount "93"]
[EventDate "2003.09.28"]
[Source "Roberto Alvarez"]
[SourceDate "2003.10.06"]

1. e4 e6 2. d4 d5 3. Nc3 Bb4 4. Bd2 dxe4 5. Qg4 Nf6 6. Qxg7 Rg8 7. Qh6 Qxd4 8. O-O-O Bf8 9. Qh4 Rg4 10. Qh3 Qxf2 11. Be2 Rh4 12. Qxh4 Qxh4 13. g3 Qh6 14. Bxh6 Bxh6+ 15. Kb1 Bd7 16. h4 Bc6 17. Nh3 Nbd7 18. g4 Bg7 19. Nf4 Ke7 20. Bb5 Bxb5 21. Nxb5 a6 22. Nc3 Nxg4 23. Nxe4 f5 24. Ng5 Nf2 25. Nfxe6 Be5 26. Rhe1 Nxd1 27. Nxc7 h6 28. Nf3 Rg8 29. Nd5+ Kf7 30. Rxd1 Rg3 31. Rd3 Ke6 32. c4 Rg4 33. b3 f4 34. b4 Kf5 35. c5 Rg2 36. Nd2 Rg1+ 37. Kc2 Ra1 38. a3 a5 39. Nxf4 Ra2+ 40. Kb1 Ra1+ 41. Kc2 Bxf4 42. Rxd7 Ra2+ 43. Kd1 Rxa3 44. bxa5 Rxa5 45. Nb3 Ra4 46. Rxb7 Kg4 47. Rd7 1/2-1/2

[Event "Copenhagen DEN"]
[Site "Copenhagen DEN"]
[Date "1971.??.??"]
[Round "?"]
[White "Moe, Mogens"]
[Black "Hamann, Svend"]
[Result "0-1"]
[WhiteElo "2380"]
[BlackElo "2490"]
[PlyCount "82"]
[EventDate "1971.??.??"]
[Source "www.chesslib.no"]
[SourceDate "2004.05.04"]

1. e4 e6 2. d4 d5 3. Nc3 Bb4 4. Bd2 Nc6 5. Qg4 Nf6 6. Qxg7 Rg8 7. Qh6 dxe4 8. O-O-O Rg6 9. Qh4 Rg4 10. Qh3 Rg6 11. Qh4 Bxc3 12. Bxc3 Qd5 13. b3 Ne7 14. Ne2 Qc6 15. Bb2 e3 16. Ng3 Nfd5 17. Bd3 f5 18. fxe3 Nxe3 19. Rd2 Ng4 20. Ba3 Nf6 21. Nh5 Neg8 22. Re1 Kf7 23. Nxf6 Nxf6 24. h3 h5 25. g4 hxg4 26. hxg4 Rxg4 27. Qh8 Rg8 28. Qh2 Bd7 29. c4 Rh8 30. Qf2 Qa6 31. Kb2 Rh5 32. d5 Re8 33. c5 Bb5 34. dxe6+ Rxe6 35. Rxe6 Kxe6 36. Qe3+ Kf7 37. Qe2 Bxd3 38. Rxd3 Qe6 39. Qg2 Qe4 40. Rd2 Qxg2 41. Rxg2 Ne4 0-1

[Event "Wichern Open"]
[Site "Hamburg GER"]
[Date "1993.??.??"]
[Round "7"]
[White "Kulaots, Kaido"]
[Black "Sher, Miron N"]
[Result "1-0"]
[WhiteElo "2330"]
[BlackElo "2535"]
[PlyCount "75"]
[EventDate "1993.10.??"]
[Source "www.chesslib.no"]
[SourceDate "2004.05.04"]

1. e4 e6 2. d4 d5 3. Nc3 Bb4 4. Bd2 dxe4 5. Qg4 Nc6 6. Qxg7 Qxd4 7. Qxd4 Nxd4 8. O-O-O Nf5 9. a3 Be7 10. Nxe4 Nf6 11. Nxf6+ Bxf6 12. Bf4 c6 13. Nf3 Ne7 14. g3 Nd5 15. Bh6 b5 16. Bg2 Rg8 17. Rhe1 Bd7 18. Ne5 Bxe5 19. Rxe5 f6 20. Ree1 Kf7 21. Be4 a6 22. b3 Rgd8 23. Bd2 a5 24. h4 e5 25. Kb2 Kg7 26. Be3 Be6 27. Bc5 Rab8 28. Rd2 Rd7 29. f4 exf4 30. gxf4 f5 31. Bf3 Bf7 32. Rg2+ Kh6 33. Rg5 Bg6 34. h5 Nxf4 35. Rg3 Nxh5 36. Bxh5 f4 37. Rh3 Bxh5 38. Re5 1-0

[Event "SWE-FIN"]
[Site "Nykoping"]
[Date "1989.??.??"]
[Round "1"]
[White "Rantanen, Yrjo A"]
[Black "Brynell, Stellan"]
[Result "0-1"]
[WhiteElo "2380"]
[BlackElo "2485"]
[PlyCount "64"]
[EventDate "1989.??.??"]
[Source "ChessBase"]

1. e4 e6 2. d4 d5 3. Nc3 Bb4 4. Bd2 dxe4 5. Qg4 Nf6 6. Qxg7 Rg8 7. Qh6 Qxd4 8. O-O-O Rg6 9. Qh4 Rg4 10. Qh3 Qxf2 11. Be2 Rh4 12. Qxh4 Qxh4 13. g3 Bxc3 14. gxh4 Bxd2+ 15. Rxd2 Bd7 16. Nh3 Bc6 17. Rf1 Ke7 18. Rxf6 Kxf6 19. Rd8 b6 20. Rc8 Nd7 21. Rxc7 Ne5 22. Ng5 h6 23. Nxf7 Nxf7 24. Rxc6 Rg8 25. Kd2 Rg2 26. h3 Ne5 27. Rc7 Kf5 28. Ke3 Rg3+ 29. Kf2 Kf4 30. Bf1 e3+ 31. Ke2 Rf3 32. Rc8 Rf2+ 0-1

[Event "Moscow RUS"]
[Site "?"]
[Date "1997.??.??"]
[Round "9"]
[White "Frog Ilya"]
[Black "Rychagov Andrey"]
[Result "0-1"]
[WhiteElo "2410"]
[BlackElo "2455"]
[PlyCount "40"]
[EventDate "1997.??.??"]
[Source "www.chesslib.no"]
[SourceDate "2004.05.04"]

1. e4 e6 2. d4 d5 3. Nc3 Bb4 4. Bd2 Ne7 5. exd5 exd5 6. Qf3 Bf5 7. O-O-O Nbc6 8. Nge2 Qd7 9. h3 O-O-O 10. Na4 Na5 11. Nec3 Nec6 12. Nc5 Nxd4 13. Nxd7 Nxf3 14. gxf3 Rxd7 15. a3 Be7 16. Be3 Rf8 17. Bxa7 Nc6 18. Nb5 d4 19. Bc4 Nxa7 20. Nxa7+ Kb8 0-1

[Event "Berlin Open"]
[Site "Berlin West"]
[Date "1988.??.??"]
[Round "5"]
[White "Bielczyk, Jacek"]
[Black "Foisor, Ovidiu"]
[Result "1/2-1/2"]
[WhiteElo "2385"]
[BlackElo "2475"]
[PlyCount "61"]
[EventDate "1988.08.??"]
[Source "www.chesslib.no"]
[SourceDate "2004.05.04"]

1. e4 e6 2. d4 d5 3. Nc3 Bb4 4. Bd2 Nf6 5. e5 Bxc3 6. Bxc3 Ne4 7. Bd3 Nxc3 8. bxc3 c5 9. Qg4 O-O 10. Nf3 h6 11. dxc5 Nd7 12. O-O Nxc5 13. Rfd1 Bd7 14. c4 Nxd3 15. Rxd3 dxc4 16. Qxc4 Rc8 17. Qb4 Qc7 18. Rad1 Bc6 19. Rc3 Qb6 20. Qxb6 axb6 21. Nd4 Bd5 22. Rxc8 Rxc8 23. a3 Rc5 24. f4 g5 25. g3 Be4 26. Rb1 Ra5 27. Rb4 Rxa3 28. fxg5 Bd5 29. gxh6 Kh7 30. Kf2 Kxh6 31. Rxb6 1/2-1/2

[Event "Moscow RUS"]
[Site "?"]
[Date "1996.??.??"]
[Round "?"]
[White "Frog Ilya"]
[Black "Moskalenko Viktor"]
[Result "0-1"]
[WhiteElo "2380"]
[BlackElo "2480"]
[PlyCount "50"]
[EventDate "1996.??.??"]
[Source "www.chesslib.no"]
[SourceDate "2004.05.04"]

1. e4 e6 2. d4 d5 3. Nc3 Bb4 4. Bd2 Ne7 5. exd5 exd5 6. Nce2 Bd6 7. Ng3 c5 8. dxc5 Bxc5 9. b4 Bb6 10. Bd3 Nbc6 11. Nf3 Bg4 12. h3 Bxf3 13. Qxf3 Ne5 14. Bb5+ N7c6 15. Qh5 Bxf2+ 16. Kxf2 Qb6+ 17. Be3 Qxb5 18. Rhe1 Qxb4 19. c3 Qb2+ 20. Kg1 O-O 21. Nf5 Ng6 22. Rec1 Rfe8 23. Rab1 Qa3 24. Rb3 Qxa2 25. Rxb7 Rxe3 0-1

[Event "Beersheba"]
[Site "Beersheba"]
[Date "1988.??.??"]
[Round "?"]
[White "Rechlis, Gad"]
[Black "Shrentzel, Israel"]
[Result "1-0"]
[WhiteElo "2475"]
[BlackElo "2385"]
[PlyCount "83"]
[EventDate "1988.02.??"]
[Source "ChessBase"]

1. e4 e6 2. d4 d5 3. Nc3 Bb4 4. Bd2 dxe4 5. Qg4 Qxd4 6. Nf3 Nh6 7. Qf4 e5 8. Nxd4 exf4 9. Ndb5 Na6 10. Bxf4 O-O 11. a3 Bc5 12. h3 c6 13. Nd6 e3 14. fxe3 Nf5 15. Nxc8 Raxc8 16. Kf2 Rfe8 17. Re1 Be7 18. Bd3 Nd6 19. Rd1 Rcd8 20. Bxa6 bxa6 21. Bxd6 Bxd6 22. Rd3 Be5 23. Rhd1 Rb8 24. b3 g6 25. Ne4 Re7 26. a4 Kg7 27. Kf3 Bc7 28. Rc3 Ba5 29. Rcd3 Bb6 30. Nd6 h5 31. Rc3 Rd8 32. Rd2 c5 33. Nc4 Rde8 34. Rd6 Re6 35. Rcd3 Kf8 36. Rxe6 Rxe6 37. Rd7 Re7 38. Rd6 Re6 39. Rxe6 fxe6 40. Ke4 Bc7 41. Ne5 Kg7 42. Nc6 1-0

[Event "Pancevo"]
[Site "Pancevo"]
[Date "1987.??.??"]
[Round "?"]
[White "Rajna, George"]
[Black "Vasiljevic, Dragan"]
[Result "0-1"]
[WhiteElo "2520"]
[BlackElo "2340"]
[PlyCount "64"]
[EventDate "1987.09.??"]
[Source "www.chesslib.no"]
[SourceDate "2004.05.04"]

1. e4 e6 2. d4 d5 3. Nc3 Bb4 4. Bd2 dxe4 5. Qg4 Nf6 6. Qxg7 Rg8 7. Qh6 Qxd4 8. O-O-O Rg6 9. Qh4 Rg4 10. Qh6 Bf8 11. Qh3 Qxf2 12. Nb5 Na6 13. Qb3 Nd5 14. Be2 Rxg2 15. Rf1 Rxg1 16. Rhxg1 Qxe2 17. Nd4 Nc5 18. Qh3 Qc4 19. Qh5 Be7 20. Qxf7+ Kd7 21. Nb3 b6 22. Bg5 Bb7 23. Bxe7 Nxe7 24. Rd1+ Bd5 25. Rg5 Nd3+ 26. Kb1 Nb4 27. c3 Nd3 28. Rg7 Re8 29. Rxh7 e3 30. Qh5 Qe4 31. Qe2 Nf2+ 32. Qc2 Nxd1 0-1